[Event "37. Ciudad de Sevilla 2012"]
[Site "Sevilla ESP"]
[Date "2012.01.13"]
[Round "7.9"]
[White "Matamoros Franco, Carlos S"]
[Black "Estremera Panos, Sergio"]
[Result "1-0"]
[WhiteElo "2552"]
[BlackElo "2379"]
[PlyCount "55"]
[EventDate "2012.01.07"]
[EventType "swiss"]
[EventRounds "9"]
[EventCountry "ESP"]
[Source "lmi"]
[SourceDate "2012.01.07"]

1. c4 Nf6 2. g3 c6 3. Nf3 d5 4. Bg2 g6 5. b3 Bg7 6. Bb2 O-O 7. d3 a5 8. O-O Na6
9. a3 Bg4 10. Nbd2 Qb6 11. Qc2 Rfe8 12. Rab1 Rad8 13. Ba1 d4 14. c5 Qxc5 15.
Qxc5 Nxc5 16. Bxd4 Bxf3 17. Nxf3 Ne6 18. Ba1 Nd5 19. Bxg7 Kxg7 20. Rfc1 Nec7
21. Nd2 Nb5 22. Nc4 Ra8 23. Bxd5 cxd5 24. Nb6 Rad8 25. Rc5 Nxa3 26. Ra1 Rd6 27.
Nxd5 b6 28. Nc7 1-0

[Event "37. Ciudad de Sevilla 2012"]
[Site "Sevilla ESP"]
[Date "2012.01.13"]
[Round "7.10"]
[White "Paunovic, Dragan"]
[Black "Torres Ventosa, Pedro Eugenio"]
[Result "1-0"]
[WhiteElo "2520"]
[BlackElo "2324"]
[PlyCount "63"]
[EventDate "2012.01.07"]
[EventType "swiss"]
[EventRounds "9"]
[EventCountry "ESP"]
[Source "lmi"]
[SourceDate "2012.01.07"]

1. d4 Nf6 2. Nf3 g6 3. Bg5 Ne4 4. Bh4 Bg7 5. e3 d5 6. Nbd2 Bf5 7. c4 c6 8. Be2
Qb6 9. O-O Nd7 10. cxd5 cxd5 11. Nxe4 Bxe4 12. Nd2 Bf5 13. Qb3 Bf6 14. Qxb6
axb6 15. Bg3 O-O 16. Nb1 e5 17. dxe5 Nxe5 18. Nc3 Nc6 19. Nxd5 Bxb2 20. Rad1
Bg7 21. a3 Rfd8 22. Bh4 Rd7 23. Bb5 Rxa3 24. Bxc6 bxc6 25. Ne7+ Kh8 26. Nxf5
Rxd1 27. Rxd1 gxf5 28. Rd8+ Bf8 29. Bf6+ Kg8 30. g4 Ra7 31. gxf5 b5 32. Bd4 1-0

[Event "37. Ciudad de Sevilla 2012"]
[Site "Sevilla ESP"]
[Date "2012.01.13"]
[Round "7.12"]
[White "Komljenovic, Davorin"]
[Black "Saric, Kristina"]
[Result "1/2-1/2"]
[WhiteElo "2457"]
[BlackElo "2235"]
[PlyCount "79"]
[EventDate "2012.01.07"]
[EventType "swiss"]
[EventRounds "9"]
[EventCountry "ESP"]
[Source "lmi"]
[SourceDate "2012.01.07"]

1. g3 d5 2. Bg2 e5 3. d3 c5 4. Nf3 Nc6 5. c4 d4 6. O-O Nf6 7. e3 Be7 8. exd4
cxd4 9. b4 Bxb4 10. Nxe5 Nxe5 11. Qa4+ Nfd7 12. Qxb4 Nxd3 13. Qa3 N7c5 14. Rd1
Qe7 15. Nd2 O-O 16. Kf1 Bf5 17. Bb2 Nxb2 18. Qxb2 Rad8 19. Nf3 Bd3+ 20. Kg1
Bxc4 21. Rxd4 Rxd4 22. Qxd4 b5 23. Re1 Ne6 24. Qb2 Qd6 25. Ne5 Rd8 26. Nxc4
bxc4 27. Rc1 Rc8 28. Bf1 Qd5 29. Qc3 Nd4 30. Bxc4 Ne2+ 31. Bxe2 Rxc3 32. Rxc3
g6 33. h4 h5 34. a4 a5 35. Bf1 Qd1 36. Rc4 Qe1 37. Rd4 f6 38. Rc4 g5 39. Rd4
Kg7 40. Rc4 1/2-1/2

[Event "37. Ciudad de Sevilla 2012"]
[Site "Sevilla ESP"]
[Date "2012.01.13"]
[Round "7.13"]
[White "Barrero Garcia, Carlos"]
[Black "Mellado Trivino, Juan"]
[Result "0-1"]
[WhiteElo "2370"]
[BlackElo "2435"]
[PlyCount "66"]
[EventDate "2012.01.07"]
[EventType "swiss"]
[EventRounds "9"]
[EventCountry "ESP"]
[Source "lmi"]
[SourceDate "2012.01.07"]

1. e4 e5 2. Nf3 Nf6 3. Nxe5 d6 4. Nf3 Nxe4 5. d4 d5 6. Bd3 Be7 7. O-O Bf5 8. c4
dxc4 9. Bxc4 O-O 10. Ne5 Nd6 11. Bb3 Nc6 12. Nc3 Na5 13. Bd5 c6 14. Bf3 Nac4
15. Qe2 Be6 16. Rd1 Bf6 17. b3 Nb6 18. Ba3 Re8 19. Qb2 Nd5 20. Bxd6 Nxc3 21.
Qxc3 Qxd6 22. Nc4 Bxc4 23. Qxc4 Rad8 24. Rd3 Bxd4 25. Rad1 Qf6 26. g3 c5 27.
R1d2 b6 28. Kg2 g6 29. Bd5 Qf5 30. Bc6 Re6 31. Bb7 Re7 32. Qa6 Kg7 33. Rf3 Qd7
0-1

[Event "37. Ciudad de Sevilla 2012"]
[Site "Sevilla ESP"]
[Date "2012.01.13"]
[Round "7.15"]
[White "Buxade Roca, Guillermo"]
[Black "Cornette, Matthieu"]
[Result "1/2-1/2"]
[WhiteElo "2158"]
[BlackElo "2545"]
[PlyCount "102"]
[EventDate "2012.01.07"]
[EventType "swiss"]
[EventRounds "9"]
[EventCountry "ESP"]
[Source "lmi"]
[SourceDate "2012.01.07"]

1. c4 e5 2. Nc3 Nf6 3. g3 Bb4 4. Nf3 e4 5. Nd4 Nc6 6. Nc2 Bxc3 7. dxc3 Ne5 8.
Ne3 O-O 9. Bg2 d6 10. O-O Be6 11. b3 Qd7 12. Nd5 Nxd5 13. cxd5 Bh3 14. Qd4 Bxg2
15. Kxg2 Qg4 16. Qe3 f5 17. f3 Qh5 18. Qg5 exf3+ 19. exf3 Qf7 20. c4 Rae8 21.
Qd2 f4 22. Bb2 fxg3 23. Bxe5 Rxe5 24. hxg3 Qg6 25. Rae1 Rg5 26. Qf2 h5 27. Re6
Qf5 28. Rh1 b6 29. Qe3 Rg6 30. Re1 Rgf6 31. Rxf6 Rxf6 32. Qe8+ Kh7 33. Qe4 Kg6
34. Qxf5+ Rxf5 35. Re7 Rf7 36. Re4 a5 37. a4 Kf6 38. Kh3 g5 39. Re8 Re7 40.
Rxe7 Kxe7 41. g4 h4 42. f4 gxf4 43. Kxh4 Kf6 44. g5+ Kf5 45. g6 Kxg6 46. Kg4 f3
47. Kxf3 Kf5 48. Ke3 Ke5 49. Kd3 Kf4 50. Kd4 Kf3 51. Kd3 Kf4 1/2-1/2

[Event "37. Ciudad de Sevilla 2012"]
[Site "Sevilla ESP"]
[Date "2012.01.13"]
[Round "7.16"]
[White "Ponce Lopez, Miguel"]
[Black "Roy Chowdhury, Saptarshi"]
[Result "1/2-1/2"]
[WhiteElo "2134"]
[BlackElo "2414"]
[PlyCount "90"]
[EventDate "2012.01.07"]
[EventType "swiss"]
[EventRounds "9"]
[EventCountry "ESP"]
[Source "lmi"]
[SourceDate "2012.01.07"]

1. e4 c5 2. c4 Nc6 3. Nc3 g6 4. g3 Bg7 5. Bg2 d6 6. Nge2 e6 7. O-O Nge7 8. d3
O-O 9. Be3 Nd4 10. Qd2 Rb8 11. Rab1 Nec6 12. f4 a6 13. g4 f5 14. gxf5 exf5 15.
Nd5 Nxe2+ 16. Qxe2 Nd4 17. Qf2 Be6 18. b4 b6 19. Kh1 Kh8 20. Rfe1 Bxd5 21. cxd5
Bf6 22. Rec1 Qe7 23. a4 a5 24. b5 Rbe8 25. Qd2 Bg7 26. Re1 fxe4 27. dxe4 Qh4
28. Rf1 Kg8 29. Qd3 g5 30. Bf2 Qh5 31. Bxd4 cxd4 32. fxg5 Be5 33. Qh3 Qxg5 34.
Bf3 Kh8 35. Bg4 Bf4 36. Bf5 Re7 37. Rg1 Qh6 38. Rb3 Qxh3 39. Rxh3 Rc7 40. Rg4
Be3 41. Kg2 Rg8 42. Rxg8+ Kxg8 43. e5 dxe5 44. d6 Rg7+ 45. Kf3 Bg5 1/2-1/2

[Event "37. Ciudad de Sevilla 2012"]
[Site "Sevilla ESP"]
[Date "2012.01.13"]
[Round "7.17"]
[White "Fernandez-Martos Machado, Eduardo"]
[Black "Zozulia, Anna"]
[Result "1-0"]
[WhiteElo "2133"]
[BlackElo "2357"]
[PlyCount "97"]
[EventDate "2012.01.07"]
[EventType "swiss"]
[EventRounds "9"]
[EventCountry "ESP"]
[Source "lmi"]
[SourceDate "2012.01.07"]

1. d4 Nf6 2. Nf3 g6 3. c4 Bg7 4. Nc3 O-O 5. e4 d6 6. Be2 Bg4 7. Be3 Nfd7 8. O-O
e5 9. dxe5 dxe5 10. Qd2 Bxf3 11. Bxf3 Nc6 12. g3 a5 13. Rad1 Nd4 14. Bg2 Nb6
15. b3 Qd6 16. f4 Rad8 17. Nd5 Nxd5 18. exd5 c5 19. dxc6 bxc6 20. Qf2 Qe7 21.
Rfe1 c5 22. Bd5 Rxd5 23. cxd5 e4 24. Bxd4 cxd4 25. Rxd4 Bxd4 26. Qxd4 Re8 27.
d6 Qe6 28. d7 Rd8 29. Rxe4 Rxd7 30. Rxe6 Rxd4 31. Re2 a4 32. bxa4 Rxa4 33. Kf1
Kg7 34. Ke1 Kf6 35. Kd1 Kf5 36. Kc1 Kg4 37. Kb2 h5 38. Kb3 Ra8 39. a4 Kf3 40.
Rc2 f6 41. Rc6 Kg2 42. Rxf6 Rg8 43. f5 gxf5 44. Rxf5 Rh8 45. a5 Kxh2 46. Rg5
Kg2 47. Kb4 Kf3 48. a6 Ke4 49. Kc5 1-0

[Event "37. Ciudad de Sevilla 2012"]
[Site "Sevilla ESP"]
[Date "2012.01.13"]
[Round "7.18"]
[White "Bykov, Alexey"]
[Black "Gomez Rebollo, Alfonso Carlos"]
[Result "1-0"]
[WhiteElo "2337"]
[BlackElo "2160"]
[PlyCount "59"]
[EventDate "2012.01.07"]
[EventType "swiss"]
[EventRounds "9"]
[EventCountry "ESP"]
[Source "lmi"]
[SourceDate "2012.01.07"]

1. e4 e6 2. d4 d5 3. Nd2 Nf6 4. Bd3 c5 5. c3 Nc6 6. Ngf3 cxd4 7. cxd4 dxe4 8.
Nxe4 Nxe4 9. Bxe4 Bb4+ 10. Bd2 Bxd2+ 11. Qxd2 O-O 12. O-O Qd6 13. Rad1 Nb4 14.
Qg5 Nd5 15. Rfe1 b6 16. Qd2 Bb7 17. Ne5 Rac8 18. Bb1 Rfd8 19. Qd3 Nf6 20. h3
Qd5 21. f3 h5 22. Qe3 Rd6 23. Qf4 Rc7 24. Be4 Nxe4 25. fxe4 Qxa2 26. Nxf7 Rdd7
27. Ng5 Rc8 28. Qf3 g6 29. Qf6 Rg7 30. Nxe6 1-0

[Event "37. Ciudad de Sevilla 2012"]
[Site "Sevilla ESP"]
[Date "2012.01.13"]
[Round "7.19"]
[White "Castilla Leon Salas, Carlos"]
[Black "Burgos Figueroa, Carlos E"]
[Result "0-1"]
[WhiteElo "2126"]
[BlackElo "2289"]
[PlyCount "106"]
[EventDate "2012.01.07"]
[EventType "swiss"]
[EventRounds "9"]
[EventCountry "ESP"]
[Source "lmi"]
[SourceDate "2012.01.07"]

1. d4 c5 2. d5 g6 3. c4 b5 4. Nf3 Bg7 5. cxb5 a6 6. b6 d6 7. Nc3 Nd7 8. a4 a5
9. e4 Qxb6 10. Bb5 Ngf6 11. O-O O-O 12. Nd2 Ba6 13. Qe2 Rfb8 14. Nc4 Qc7 15.
Bxa6 Rxa6 16. Nb5 Qd8 17. Bd2 Rba8 18. Bc3 Nb6 19. b3 Ne8 20. Bxg7 Kxg7 21. f4
Nc7 22. Nc3 Rb8 23. Qc2 Raa8 24. f5 Nd7 25. Rf3 f6 26. fxg6 hxg6 27. Rh3 Rb4
28. Na2 Rxc4 29. bxc4 Na6 30. Qd2 g5 31. Rf1 Ne5 32. Qe2 Qe8 33. Nc3 Rb8 34.
Nb5 Rb7 35. Rf5 Nb4 36. Rg3 Ng6 37. Nc3 Rb8 38. e5 dxe5 39. Ne4 Qxa4 40. Nxc5
Qa1+ 41. Rf1 Qd4+ 42. Qf2 Qxf2+ 43. Kxf2 Rc8 44. Ne6+ Kg8 45. Ra3 Rxc4 46. Rxa5
Rc2+ 47. Kg1 Rd2 48. Ra8+ Kh7 49. Rf3 g4 50. Rb3 Nd3 51. Rb1 Nh4 52. Ra7 Rxg2+
53. Kf1 Rf2+ 0-1

[Event "37. Ciudad de Sevilla 2012"]
[Site "Sevilla ESP"]
[Date "2012.01.13"]
[Round "7.20"]
[White "Simon Padros, Emili"]
[Black "Lasinskas, Povilas"]
[Result "0-1"]
[WhiteElo "2261"]
[BlackElo "2138"]
[PlyCount "128"]
[EventDate "2012.01.07"]
[EventType "swiss"]
[EventRounds "9"]
[EventCountry "ESP"]
[Source "lmi"]
[SourceDate "2012.01.07"]

1. e4 e5 2. Nf3 d6 3. d4 Nd7 4. c3 c6 5. Bd3 Be7 6. O-O Ngf6 7. Re1 O-O 8. Nbd2
Qc7 9. b3 Re8 10. Bb2 Nf8 11. c4 Ng6 12. Bf1 h6 13. Rc1 b6 14. g3 Bb7 15. Bg2
c5 16. d5 Nh7 17. Nf1 Bf8 18. Ne3 Be7 19. Nf5 Bf8 20. h4 Ne7 21. Ne3 Bc8 22.
Nd2 f5 23. exf5 Nxf5 24. Nxf5 Bxf5 25. Ne4 Nf6 26. Qe2 Qd7 27. Rcd1 a6 28.
Nxf6+ gxf6 29. Be4 Bxe4 30. Qxe4 f5 31. Qc2 Re7 32. Kh2 Bg7 33. Re2 Rf8 34. f3
Qe8 35. Rde1 Qh5 36. f4 e4 37. Bxg7 Rxg7 38. Re3 Kh7 39. Qf2 Rb8 40. Qe2 Qe8
41. Rg1 h5 42. Qb2 b5 43. Qf6 Qg6 44. Qxg6+ Kxg6 45. Rc1 Rgb7 46. Kg2 a5 47.
cxb5 Rxb5 48. Rc4 Rb4 49. Rec3 a4 50. Rxb4 Rxb4 51. Rc4 axb3 52. Rxb4 cxb4 53.
axb3 Kf7 54. Kf2 Ke7 55. Ke3 Kd7 56. Kd4 Kc7 57. Kc4 e3 58. Kd3 Kb6 59. Kxe3
Kc5 60. Ke2 Kd4 61. Kd2 Kxd5 62. Kd3 Kc5 63. g4 fxg4 64. Ke4 d5+ 0-1

[Event "37. Ciudad de Sevilla 2012"]
[Site "Sevilla ESP"]
[Date "2012.01.14"]
[Round "8.1"]
[White "Herraiz Hidalgo, Herminio"]
[Black "Teske, Henrik"]
[Result "1/2-1/2"]
[WhiteElo "2469"]
[BlackElo "2550"]
[PlyCount "77"]
[EventDate "2012.01.07"]
[EventType "swiss"]
[EventRounds "9"]
[EventCountry "ESP"]
[Source "lmi"]
[SourceDate "2012.01.07"]

1. Nf3 Nf6 2. c4 e6 3. g3 d5 4. d4 c5 5. cxd5 Nxd5 6. Bg2 Nc6 7. O-O cxd4 8.
Nxd4 Bd7 9. e4 Ndb4 10. Nf3 a5 11. Nc3 Be7 12. Be3 O-O 13. a3 Na6 14. Na4 Qc7
15. Bb6 Qc8 16. Rc1 Nab8 17. Be3 Qe8 18. Nb6 Ra6 19. Nxd7 Qxd7 20. Qxd7 Nxd7
21. Rfd1 Rd8 22. Rd2 Kf8 23. Rcd1 Nf6 24. Rxd8+ Bxd8 25. Ne5 Ra8 26. Nd7+ Nxd7
27. Rxd7 Rb8 28. f4 Ke8 29. Rd2 Bc7 30. Bf1 Rd8 31. Rxd8+ Kxd8 32. Bb5 e5 33.
Bc4 Ke7 34. Bd5 f6 35. Kf2 Kd6 36. Ke2 b5 37. Kd3 Nd4 38. fxe5+ fxe5 39. Bxd4
1/2-1/2

[Event "37. Ciudad de Sevilla 2012"]
[Site "Sevilla ESP"]
[Date "2012.01.14"]
[Round "8.2"]
[White "Haslinger, Stewart G"]
[Black "Campora, Daniel H"]
[Result "0-1"]
[WhiteElo "2534"]
[BlackElo "2490"]
[PlyCount "50"]
[EventDate "2012.01.07"]
[EventType "swiss"]
[EventRounds "9"]
[EventCountry "ESP"]
[Source "lmi"]
[SourceDate "2012.01.07"]

1. e4 e5 2. Nf3 Nc6 3. d4 exd4 4. Nxd4 d6 5. Nc3 Nf6 6. Bf4 Be7 7. Qd3 O-O 8.
O-O-O Nxd4 9. Qxd4 Be6 10. f3 a6 11. g4 Nd7 12. Qe3 Re8 13. h4 b5 14. Qf2 Bf6
15. Bg5 Bxg5+ 16. hxg5 Qxg5+ 17. f4 Qc5 18. Qg3 b4 19. Nd5 Nf8 20. f5 Bxd5 21.
Rxd5 Qc6 22. Bg2 Re5 23. Rxe5 dxe5 24. Qxe5 Rd8 25. Rd1 Qh6+ 0-1

[Event "37. Ciudad de Sevilla 2012"]
[Site "Sevilla ESP"]
[Date "2012.01.14"]
[Round "8.4"]
[White "Mirzoev, Azer"]
[Black "Van Der Weide, Karel"]
[Result "1-0"]
[WhiteElo "2523"]
[BlackElo "2445"]
[PlyCount "83"]
[EventDate "2012.01.07"]
[EventType "swiss"]
[EventRounds "9"]
[EventCountry "ESP"]
[Source "lmi"]
[SourceDate "2012.01.07"]

1. Nf3 Nf6 2. c4 g6 3. b4 Bg7 4. Bb2 O-O 5. e3 d6 6. d4 e5 7. dxe5 Nfd7 8. Qb3
dxe5 9. Nc3 a5 10. a3 axb4 11. axb4 Rxa1+ 12. Bxa1 b6 13. Be2 Bb7 14. O-O e4
15. Nd2 Nf6 16. Rd1 Qe7 17. Nb5 Nc6 18. c5 bxc5 19. bxc5 Bc8 20. Qa4 Bf5 21. h3
h5 22. Nb3 Rd8 23. Rxd8+ Qxd8 24. N5d4 Nxd4 25. Nxd4 Qc8 26. Qa7 Nd5 27. Bc4
Ne7 28. Nxf5 gxf5 29. Bxg7 Kxg7 30. Qa1+ f6 31. Qd1 Qe8 32. h4 Kh6 33. Be6 Kg6
34. Bd7 Qb8 35. c6 Kh6 36. Qd4 Kg6 37. Qc5 Qd8 38. Kh2 Kh6 39. Kg3 Qf8 40. Kh3
Qf7 41. Bxf5 Nd5 42. Kh2 1-0

[Event "37. Ciudad de Sevilla 2012"]
[Site "Sevilla ESP"]
[Date "2012.01.14"]
[Round "8.5"]
[White "Svetushkin, Dmitry"]
[Black "Paunovic, Dragan"]
[Result "0-1"]
[WhiteElo "2598"]
[BlackElo "2520"]
[PlyCount "162"]
[EventDate "2012.01.07"]
[EventType "swiss"]
[EventRounds "9"]
[EventCountry "ESP"]
[Source "lmi"]
[SourceDate "2012.01.07"]

1. d4 d6 2. e4 Nf6 3. f3 g6 4. c4 Bg7 5. Nc3 O-O 6. Nge2 c6 7. Be3 a6 8. c5
Nbd7 9. Nf4 dxc5 10. dxc5 Qc7 11. Qc1 Ne5 12. h4 Rd8 13. Be2 Nh5 14. Nxh5 gxh5
15. Kf2 Be6 16. Qc2 Bc4 17. Rad1 Bxe2 18. Nxe2 Ng6 19. g3 Rxd1 20. Rxd1 Rd8 21.
b3 Rd7 22. Rxd7 Qxd7 23. Qd2 Qxd2 24. Bxd2 Ne5 25. Nc1 e6 26. Ke2 Nd7 27. Nd3
Be5 28. Bf4 Bxf4 29. gxf4 Kg7 30. Ke3 Kf6 31. Kd4 Nf8 32. Ne1 Ng6 33. Ng2 a5
34. a4 Nf8 35. Ne3 Ng6 36. Nc4 Nxh4 37. Nxa5 Ng2 38. Nxb7 h4 39. Nd6 h3 40. e5+
Ke7 41. Ne4 h2 42. Nf2 Nxf4 43. Ke4 Nd5 44. f4 Nb4 45. Nh1 Kd7 46. f5 Kc7 47.
fxe6 fxe6 48. Kd4 Na6 49. Kc4 h5 50. b4 Kb7 51. b5 Nc7 52. Kb4 Nd5+ 53. Kc4 h4
54. Kd4 Ne7 55. Ke4 Nf5 56. Kf3 Nd4+ 57. Kg4 Nxb5 58. Kxh4 Nc3 59. Kg3 Nxa4 60.
Kxh2 Nxc5 61. Nf2 Kb6 62. Nh3 Kb5 63. Nf4 Kc4 64. Kg3 Kd4 65. Ng6 Nd7 66. Kf2
c5 67. Ke1 Kd5 68. Kd2 Nxe5 69. Nf4+ Kd6 70. Kc3 Nd7 71. Kd3 Nb6 72. Ne2 Nd5
73. Kc4 Nb6+ 74. Kb5 Nd7 75. Nc3 e5 76. Ne4+ Kd5 77. Nc3+ Kd4 78. Ne2+ Ke3 79.
Ng3 Kd3 80. Nh1 e4 81. Nf2+ Kd4 0-1

[Event "37. Ciudad de Sevilla 2012"]
[Site "Sevilla ESP"]
[Date "2012.01.14"]
[Round "8.8"]
[White "Mellado Trivino, Juan"]
[Black "Rizouk, Aimen"]
[Result "1-0"]
[WhiteElo "2435"]
[BlackElo "2539"]
[PlyCount "43"]
[EventDate "2012.01.07"]
[EventType "swiss"]
[EventRounds "9"]
[EventCountry "ESP"]
[Source "lmi"]
[SourceDate "2012.01.07"]

1. e4 e5 2. Nf3 Nc6 3. d4 exd4 4. Nxd4 Nf6 5. Nxc6 bxc6 6. e5 Qe7 7. Qe2 Nd5 8.
Nd2 Nb4 9. Nf3 Ba6 10. c4 d5 11. a3 Bxc4 12. Qd1 Bxf1 13. Kxf1 Na6 14. Qa4 Nb8
15. Bg5 Qc5 16. Rc1 Qb5+ 17. Qxb5 cxb5 18. Rxc7 Na6 19. Rb7 Nc5 20. Rxb5 a6 21.
Ra5 d4 22. Nxd4 1-0

[Event "37. Ciudad de Sevilla 2012"]
[Site "Sevilla ESP"]
[Date "2012.01.14"]
[Round "8.9"]
[White "Malakhatko, Vadim"]
[Black "Diaz Castro, Sergio"]
[Result "1-0"]
[WhiteElo "2524"]
[BlackElo "2211"]
[PlyCount "63"]
[EventDate "2012.01.07"]
[EventType "swiss"]
[EventRounds "9"]
[EventCountry "ESP"]
[Source "lmi"]
[SourceDate "2012.01.07"]

1. d4 g6 2. c4 Bg7 3. Nc3 d6 4. e4 Nc6 5. Nge2 e5 6. Be3 exd4 7. Nxd4 Nf6 8.
Be2 O-O 9. O-O Re8 10. f3 Nh5 11. Qd2 Nf4 12. Rfd1 Nxd4 13. Bxd4 Bxd4+ 14. Qxd4
Qg5 15. Bf1 Qc5 16. Qf2 a5 17. g3 Ne6 18. Nd5 Kg7 19. Bh3 Ng5 20. Bg2 Ne6 21.
f4 c6 22. Nc3 f6 23. b3 Kf7 24. Rd2 Rd8 25. Rad1 Ke7 26. Qxc5 dxc5 27. Rxd8
Nxd8 28. Na4 Ne6 29. Nb6 Rb8 30. Bh3 g5 31. Bf5 h6 32. Kf2 1-0

[Event "37. Ciudad de Sevilla 2012"]
[Site "Sevilla ESP"]
[Date "2012.01.14"]
[Round "8.11"]
[White "Teran Alvarez, Ismael"]
[Black "Barrantes Munoz, Hugo Pedro"]
[Result "1/2-1/2"]
[WhiteElo "2422"]
[BlackElo "2211"]
[PlyCount "41"]
[EventDate "2012.01.07"]
[EventType "swiss"]
[EventRounds "9"]
[EventCountry "ESP"]
[Source "lmi"]
[SourceDate "2012.01.07"]

1. d4 d5 2. c4 e6 3. Nf3 Nf6 4. Bg5 Be7 5. Nc3 h6 6. Bh4 O-O 7. e3 Ne4 8. Bxe7
Qxe7 9. Rc1 c6 10. Qc2 Nd7 11. Bd3 Nxc3 12. Qxc3 dxc4 13. Bxc4 b6 14. O-O Bb7
15. Rfd1 c5 16. Be2 Rfd8 17. Qa3 a5 18. Qa4 Bd5 19. b3 e5 20. dxc5 Nxc5 21. Qb5
1/2-1/2

[Event "37. Ciudad de Sevilla 2012"]
[Site "Sevilla ESP"]
[Date "2012.01.14"]
[Round "8.13"]
[White "Burgos Figueroa, Carlos E"]
[Black "Arjun, Bharat"]
[Result "0-1"]
[WhiteElo "2289"]
[BlackElo "2194"]
[PlyCount "72"]
[EventDate "2012.01.07"]
[EventType "swiss"]
[EventRounds "9"]
[EventCountry "ESP"]
[Source "lmi"]
[SourceDate "2012.01.07"]

1. e4 c6 2. d4 d5 3. Nd2 dxe4 4. Nxe4 Bf5 5. Ng3 Bg6 6. h4 h6 7. Nf3 Nd7 8. h5
Bh7 9. Bd3 Bxd3 10. Qxd3 e6 11. Bf4 Qa5+ 12. Bd2 Bb4 13. c3 Be7 14. Ne4 Ngf6
15. c4 Qc7 16. Nc3 a6 17. O-O-O b5 18. c5 Rd8 19. Qe2 b4 20. Ne4 Nxe4 21. Qxe4
a5 22. Bf4 Qb7 23. Ne5 Nxe5 24. Bxe5 Bf6 25. Bxf6 gxf6 26. f4 Rd5 27. g4 f5 28.
gxf5 Rxf5 29. Rde1 Kd7 30. Rhg1 Kc8 31. Rg7 Rd8 32. Rh7 Rxh5 33. Rxf7 Qxf7 34.
Qxc6+ Qc7 35. Qa6+ Kb8 36. Rxe6 Qxf4+ 0-1

[Event "37. Ciudad de Sevilla 2012"]
[Site "Sevilla ESP"]
[Date "2012.01.14"]
[Round "8.16"]
[White "Saric, Kristina"]
[Black "Fernandez-Martos Machado, Eduardo"]
[Result "0-1"]
[WhiteElo "2235"]
[BlackElo "2133"]
[PlyCount "62"]
[EventDate "2012.01.07"]
[EventType "swiss"]
[EventRounds "9"]
[EventCountry "ESP"]
[Source "lmi"]
[SourceDate "2012.01.07"]

1. e4 e5 2. Nf3 Nc6 3. Bb5 a6 4. Ba4 Nf6 5. O-O Be7 6. Re1 b5 7. Bb3 d6 8. c3
O-O 9. h3 h6 10. d4 Re8 11. a4 Bd7 12. Nbd2 Bf8 13. axb5 axb5 14. Rxa8 Qxa8 15.
d5 Ne7 16. c4 c6 17. dxc6 Bxc6 18. cxb5 Bb7 19. Qe2 Ng6 20. g3 Rc8 21. Bc4 d5
22. exd5 Bb4 23. Rd1 Nxd5 24. Nxe5 Nxe5 25. Bxd5 Bxd5 26. Qxe5 Bxd2 27. Bxd2
Bh1 28. Kf1 Re8 29. Qxe8+ Qxe8 30. Be3 Qxb5+ 31. Ke1 Bf3 0-1

[Event "37. Ciudad de Sevilla 2012"]
[Site "Sevilla ESP"]
[Date "2012.01.14"]
[Round "8.20"]
[White "Roy Chowdhury, Saptarshi"]
[Black "Blanco Perez, David"]
[Result "1-0"]
[WhiteElo "2414"]
[BlackElo "2126"]
[PlyCount "107"]
[EventDate "2012.01.07"]
[EventType "swiss"]
[EventRounds "9"]
[EventCountry "ESP"]
[Source "lmi"]
[SourceDate "2012.01.07"]

1. e4 c5 2. Nc3 d6 3. f4 Nc6 4. Nf3 Bg4 5. Bb5 a6 6. Bxc6+ bxc6 7. O-O e6 8. d3
Be7 9. h3 Bxf3 10. Qxf3 Nf6 11. e5 Nd5 12. Ne4 O-O 13. c4 Nb4 14. exd6 Bxd6 15.
Qe2 Be7 16. Rd1 a5 17. Be3 Na6 18. Kh1 Qb6 19. Rd2 Rad8 20. Rf1 f5 21. Nc3 Bf6
22. Qd1 Qa7 23. Re1 Rd6 24. a3 Rfd8 25. Qe2 Qd7 26. Red1 Re8 27. Qf2 Bd4 28.
Ne2 Nc7 29. Re1 e5 30. fxe5 Rxe5 31. Bxd4 cxd4 32. Nf4 Rxe1+ 33. Qxe1 Ne6 34.
c5 Nxc5 35. Re2 Rf6 36. Qxa5 Nb7 37. Qa6 h6 38. Qc4+ Kh7 39. b4 Qd6 40. Ne6 Nd8
41. Nxd4 Qf4 42. Nf3 Qd6 43. d4 Ne6 44. Re5 Nf4 45. Qc1 Ng6 46. Qc2 Qd7 47. Re1
Re6 48. Rxe6 Qxe6 49. a4 Qd5 50. a5 Nf4 51. a6 Qb5 52. a7 Qf1+ 53. Kh2 Nxg2 54.
Qxf5+ 1-0

[Event "37. Ciudad de Sevilla 2012"]
[Site "Sevilla ESP"]
[Date "2012.01.15"]
[Round "9.2"]
[White "Teske, Henrik"]
[Black "Das, Arghyadip"]
[Result "1/2-1/2"]
[WhiteElo "2550"]
[BlackElo "2459"]
[PlyCount "138"]
[EventDate "2012.01.07"]
[EventType "swiss"]
[EventRounds "9"]
[EventCountry "ESP"]
[Source "lmi"]
[SourceDate "2012.01.07"]

1. Nf3 Nf6 2. c4 g6 3. Nc3 Bg7 4. g3 O-O 5. Bg2 d5 6. cxd5 Nxd5 7. O-O Nc6 8.
d4 Nb6 9. e3 Re8 10. b3 a5 11. Bb2 Nb4 12. a3 N4d5 13. Nxd5 Nxd5 14. Rc1 c6 15.
Ne5 Nb6 16. Nd3 Ra7 17. Qe2 Be6 18. Nc5 Qc8 19. Nxe6 Qxe6 20. Qd3 a4 21. b4 Qb3
22. Qe2 e5 23. dxe5 Bxe5 24. Bxe5 Rxe5 25. Qd2 Re8 26. Qd4 Ra6 27. Rfd1 Nc8 28.
Bf1 b5 29. Qd7 Kf8 30. Bg2 Ne7 31. Rd3 Qb2 32. Rcd1 Raa8 33. Bxc6 Red8 34.
Qxd8+ Rxd8 35. Rxd8+ Kg7 36. Bxb5 Qxa3 37. Ra8 Qxb4 38. Bxa4 h5 39. Bd7 Nd5 40.
Bc6 Nc3 41. Rf1 h4 42. Bf3 g5 43. Rd8 Qb6 44. Rd4 Qf6 45. Bg4 Qc6 46. Re1 Nb5
47. Rb4 Qc5 48. Rbb1 Nc3 49. Ra1 Qc4 50. Bf5 Qb5 51. e4 Ne2+ 52. Kg2 Nd4 53.
Rad1 Nxf5 54. exf5 Qxf5 55. h3 hxg3 56. Kxg3 Qf4+ 57. Kg2 g4 58. Rd3 gxh3+ 59.
Rxh3 Qd4 60. Ree3 Qd5+ 61. Ref3 f6 62. Rhg3+ Kf7 63. Rg4 Qh5 64. Rff4 Qd5+ 65.
Rf3 Qh5 66. Rfg3 Qd5+ 67. Kh2 Qh5+ 68. Kg1 Qd5 69. Rg2 Ke6 1/2-1/2

[Event "37. Ciudad de Sevilla 2012"]
[Site "Sevilla ESP"]
[Date "2012.01.15"]
[Round "9.3"]
[White "Saric, Ante"]
[Black "Herraiz Hidalgo, Herminio"]
[Result "1/2-1/2"]
[WhiteElo "2528"]
[BlackElo "2469"]
[PlyCount "33"]
[EventDate "2012.01.07"]
[EventType "swiss"]
[EventRounds "9"]
[EventCountry "ESP"]
[Source "lmi"]
[SourceDate "2012.01.07"]

1. d4 f5 2. g3 Nf6 3. Bg2 g6 4. b3 Bg7 5. Bb2 d6 6. Nf3 O-O 7. c4 Qe8 8. O-O
Na6 9. Qc2 Rb8 10. Nbd2 c5 11. Rac1 Bd7 12. dxc5 Nxc5 13. b4 Na4 14. Ba1 Kh8
15. e4 e5 16. c5 dxc5 17. Nxe5 1/2-1/2

[Event "37. Ciudad de Sevilla 2012"]
[Site "Sevilla ESP"]
[Date "2012.01.15"]
[Round "9.4"]
[White "Paunovic, Dragan"]
[Black "Razmyslov, Alexander"]
[Result "1/2-1/2"]
[WhiteElo "2520"]
[BlackElo "2438"]
[PlyCount "26"]
[EventDate "2012.01.07"]
[EventType "swiss"]
[EventRounds "9"]
[EventCountry "ESP"]
[Source "lmi"]
[SourceDate "2012.01.07"]

1. Nf3 c5 2. g3 g6 3. Bg2 Bg7 4. O-O Nc6 5. c3 Nf6 6. d4 cxd4 7. cxd4 d5 8. Nc3
Ne4 9. e3 O-O 10. Nd2 f5 11. Qb3 e6 12. Ncxe4 dxe4 13. Nc4 Na5 1/2-1/2